000 00398nam a22001577a 4500
005 20230912162901.0
010 _aENG-137890
020 _a9798885034821
_c499.00
035 _aEN-121422
037 _bDBAD/PUB
082 _a880
100 _aVerma,Nimai
_956488
245 _aFrom Wulf to Woolf /
_cby Nimai Verma
300 _a437p.
_c23cm(pbk)
942 _2ddc
_cEN
_h880
_mVER
999 _c197621
_d197621